Presencia de Ramón Xirau / [por] Joaquín Xirau... [et. al.] ; presentación de Juliana González

保存先:
書誌詳細
その他の著者: I. Xirau, Joaquín (autor) (autor)
フォーマット: 図書
シリーズ:Col. "Textos de Humanidades"
主題:
タグ: タグ追加
タグなし, このレコードへの初めてのタグを付けませんか!

MARC

LEADER 00000nam^a2200000^u^4500
001 000544350
005 20250521000000.0
008 060220s1000^^^^^^^^^^^^r^^^^^000^0^spa^d
009 20260310131326.795
035 |a FMI 000013506 
037 |a Acervo Xavier Clavigero 
096 |a 9.1/101/B 
245 0 0 |a Presencia de Ramón Xirau / [por] Joaquín Xirau... [et. al.] ; presentación de Juliana González 
264 |a México : UNAM, 1986 
300 |a 223 p. 
336 |a texto  |b txt  |2 rdacontenido 
337 |a sin mediación  |b n  |2 rdamedio 
338 |a volumen  |b nc  |2 rdasoporte 
440 0 |a Col. "Textos de Humanidades" 
649 |a XX 
650 |a LITERATURA 
700 |a I. Xirau, Joaquín  |e (autor) 
910 |a Fondo Francisco Migoya Covarrubias S.J. 
920 |a Impresos - Libros 
930 |a Fondos Especiales 
905 |a 134 
901 |a SBC14636  |b IT2  |c ESP  |u 20250521 
902 |a https://opac.biblio.iteso.mx/vufind/Record/000544350